Loreto College Library, Kolkata
WEBOPAC (ONLINE PUBLIC ACCESS CATALOGUE)

Parables for the theatre (Record no. 5148)

MARC details
000 -LEADER
fixed length control field 00666nam a2200217Ia 4500
005 - DATE AND TIME OF LATEST TRANSACTION
control field 20230127092153.0
008 - FIXED-LENGTH DATA ELEMENTS--GENERAL INFORMATION
fixed length control field 131103s9999 xx 000 0 und d
040 ## - CATALOGING SOURCE
Original cataloging agency Loreto College
041 ## - LANGUAGE CODE
Language code English
082 ## - DDC | ডিউই
Classification number | বর্গসংখ্যা 832
Book Number | গ্রন্থাঙ্ক BRE
100 ## - MAIN ENTRY--PERSONAL NAME | মুখ্য সংলেখ - ব্যাক্তিনাম
Personal name | ব্যাক্তিনাম Brecht,Bertolt
245 ## - TITLE STATEMENT | অাখ্যা বিবরণী
Title | অাখ্যা Parables for the theatre
Sub title | উপঅাখ্যা two plays : the good women of setzuan and the caucasian chalk circle
Statement of responsibility | লেখকের দায়িত্বের বিবরণ Bertolt Brecht; revised by Eric Bentley
260 ## - IMPRINT | প্রকাশনা ক্ষেত্র
Place of publication | প্রকাশ স্থান Harmoundsworth
Name of publisher | প্রকাশকের নাম Penguin Books
Date of publication | প্রকাশ কাল 1966
300 ## - PHYSICAL DESCRIPTION |
Page / Vol. No | পৃষ্ঠা / খন্ড সংখ্যা 207 p.
440 ## - SERIES STATEMENT |গ্রন্থমালা
Series Title | গ্রন্থমালা অাখ্যা Penguin Plays
504 ## - BIBLIOGRAPHY, ETC. NOTE
Bibliography, etc Revised English Versions
650 ## - SUBJECT ADDED ENTRY--TOPICAL TERM | বিষয় শিরোনাম - মূল বিষয়
Topical term | মূল বিষয় German literature - drama
700 ## - ADDED ENTRY--PERSONAL NAME | অতিরিক্ত সংলেখ - ব্
Personal name | ব্যাক্তিনাম Bentley,Eric,rev.
850 ## - HOLDING INSTITUTION
Holding institution LCLIB
942 ## - ADDED ENTRY ELEMENTS (KOHA)
Koha item type Books
Holdings
Withdrawn status Lost status Source of classification Damaged status Not for loan Home library Current library Date acquired Total Checkouts Full call number Accession No. Date last seen Date checked out Price effective from Koha item type Coded location qualifier
    Dewey Decimal Classification     Loreto College Loreto College 04/11/2013 4 832.91 BRE 16792 B25190 12/03/2025 05/03/2025 04/11/2013 Books  
    Dewey Decimal Classification     Loreto College Loreto College 04/11/2013 2 832 BRE 13803 B5016 24/02/2025 17/02/2025 04/11/2013 Books